Normal view
MARC view
- DEITAL, HARVEY DEITAL PAUL
Entry Personal Name
001 - CONTROL NUMBER
- control field: 89237
003 - CONTROL NUMBER IDENTIFIER
- control field: NUST
005 - DATE AND TIME OF LATEST TRANSACTION
- control field: 20220221094018.0
008 - FIXED-LENGTH DATA ELEMENTS
- fixed length control field: 220221|| aca||aabn | a|a d
040 ## - CATALOGING SOURCE
- Original cataloging agency: NUST
- Transcribing agency: NUST
100 ## - HEADING--PERSONAL NAME
- Personal name: DEITAL, HARVEY DEITAL PAUL
670 ## - SOURCE DATA FOUND
- Source citation: Work cat.: (NUST): DEITAL, HARVEY DEITAL PAUL., JAVA HOW TO PROGRAM /, 2018.
